| 000 | 00409nam a22001577a 4500 | ||
|---|---|---|---|
| 003 | OSt | ||
| 005 | 20211105170700.0 | ||
| 008 | 211105b |||||||| |||| 00| 0 eng d | ||
| 020 | _a929059 1242 | ||
| 040 | _cHawassa University | ||
| 050 | _a634.9903/HUX | ||
| 082 |
_a634.9903/HUX _b2 |
||
| 245 | _aGlory for agroforestry | ||
| 260 |
_aUK _bInternational Center For Research _c1997 |
||
| 942 |
_2ddc _cBOOKS _n0 |
||
| 999 |
_c17030 _d17030 |
||